Language Quiz

Random Language Quiz

Cajun Language Quiz Stats

 Plays Quiz not verified by Sporcle

Support Sporcle.
Go Orange.
Score 0/20 Timer 12:00
0 Plays Today
% Correct
Who is that? Who goes there?
88.9%
A slow moving stream
86.1%
Sandwich made on French bread that began as an affordable lunch for poor boys
85.4%
Grandmother
84.7%
Fat Tuesday
79.9%
A political division resembling counties, in other states.
79.9%
Spicy pork sausage made with cooked rice and herbs
78.5%
Well seasoned mixture of rice, meat and vegetables in one pot.
75%
A small boat for crabbing or shrimping
70.8%
My dear
68.8%
% Correct
Good Friend
67.4%
Fire
64.6%
Cajun Dance Party or to go to sleep
60.4%
Godfather
59.7%
An ignorant person
57.6%
An object used to ward off or inflict evil
55.6%
Endearment used for someone you are fond of
46.5%
Craving
43.8%
Shy or sneaky
38.9%
Embarrassed
32.6%

You're not logged in!

Compare scores with friends on all Sporcle quizzes.
OR
Log In

From the Vault

Overlapping NBA Names

by hempick

Some of the combos have actually worked well on the court!
Remove Ads.
Support Sporcle.
Get the best of Sporcle when you Go Orange. This ad-free experience offers more features, more stats, and more fun while also helping to support Sporcle. Thank you for becoming a member.

Show Comments

Extras

Created Jan 25, 2016ReportNominate
Tags:cajun

Top Quizzes Today


Score Distribution

Your Account Isn't Verified!

In order to create a playlist on Sporcle, you need to verify the email address you used during registration. Go to your Sporcle Settings to finish the process.

Report this User

Report this user for behavior that violates our Community Guidelines.

Details: